| 000 | 00558nam a2200205 a 4500 | ||
|---|---|---|---|
| 001 | 3026 | ||
| 003 | CO-ViMGA | ||
| 008 | 141112s2004 ck r 000 u spa d | ||
| 040 |
_aCO-ViMGA _bspa _cCO-ViMGA |
||
| 082 | 0 | 4 | _a614.71 Ch684 |
| 100 | 1 |
_aChovin, Paul _952293 |
|
| 245 | 1 | 0 |
_aLa polución atmosferica / _cChovin Paul , Roussel Andre |
| 260 |
_aBarcelona : _bOikos - tau, _c1968 |
||
| 300 | _a128 p : il | ||
| 490 | _aQue se?, 3 | ||
| 650 | 1 | 4 | _aCONTAMINACION ATMOSFERICA |
| 650 | 1 | 4 | _aPOLUCION |
| 650 | 1 | 4 |
_aRoussel, Andre _952296 |
| 942 |
_2ddc _cBK |
||
| 999 |
_c15081 _d15081 |
||